NBA 2021-2022 Starters - Statistics

General Stats
  • This quiz has been taken 755 times
    636 since last reset
  • The average score is 101 of 150
Answer Stats
Player % Correct
Joel Embiid
98%
Giannis Antetokounmpo
96%
LaMelo Ball
94%
Jayson Tatum
93%
LeBron James
93%
Lonzo Ball
93%
James Harden
92%
Ja Morant
92%
Jaylen Brown
92%
Khris Middleton
92%
Seth Curry
92%
Stephen Curry
92%
Trae Young
92%
Anthony Davis
91%
Danny Green
91%
Draymond Green
91%
Jalen Green
91%
Jimmy Butler
91%
Jrue Holiday
91%
DeMar DeRozan
90%
Donovan Mitchell
90%
Justin Holiday
90%
Patrick Williams
90%
Paul George
90%
Robert Williams
90%
Grant Williams
89%
Kevin Durant
89%
Nikola Jokic
89%
Zach LaVine
89%
Brook Lopez
88%
Jaren Jackson Jr.
88%
Joe Harris
88%
Luka Doncic
88%
Tobias Harris
88%
Darius Garland
87%
De'Aaron Fox
87%
Grayson Allen
87%
Jarrett Allen
87%
Rudy Gobert
87%
Bam Adebayo
86%
Kyle Lowry
86%
Chris Paul
85%
Dejounte Murray
85%
Devin Booker
85%
Frank Jackson
85%
Reggie Jackson
85%
Nikola Vucevic
84%
Clint Capela
83%
Domantas Sabonis
83%
Karl-Anthony Towns
83%
Mikal Bridges
83%
Miles Bridges
83%
Russell Westbrook
83%
Damian Lillard
82%
Marcus Smart
82%
S. Gilgeous-Alexander
82%
Tyrese Maxey
81%
Julius Randle
80%
Steven Adams
79%
Deandre Ayton
78%
Duncan Robinson
77%
Mike Conley
77%
Mitchell Robinson
77%
Anthony Edwards
76%
CJ McCollum
76%
Evan Mobley
76%
Ivica Zubac
76%
Kevin Porter Jr.
76%
Michael Porter Jr.
76%
Bradley Beal
75%
Brandon Ingram
75%
John Collins
75%
Fred VanVleet
73%
D'Angelo Russell
72%
Harrison Barnes
72%
Kristaps Porzingis
72%
Scottie Barnes
72%
Aaron Gordon
71%
Andrew Wiggins
70%
Bogdan Bogdanovic
70%
Bojan Bogdanovic
70%
Cole Anthony
70%
Collin Sexton
70%
Tyrese Haliburton
70%
Desmond Bane
69%
Jonas Valanciunas
69%
R.J. Barrett
69%
Jordan Poole
68%
Myles Turner
68%
Jusuf Nurkic
67%
De'Andre Hunter
66%
Dorian Finney-Smith
64%
Kevon Looney
64%
Norman Powell
63%
P.J. Tucker
63%
Dwight Powell
62%
Kemba Walker
61%
N. Alexander-Walker
61%
Nicolas Claxton
61%
Blake Griffin
60%
Derrick White
59%
Lauri Markkanen
59%
Gordon Hayward
58%
Keldon Johnson
57%
Jerami Grant
56%
Josh Giddey
55%
Kyle Kuzma
55%
Jae Crowder
54%
Marcus Morris Sr.
54%
Mason Plumlee
54%
Monte Morris
54%
DeAndre Jordan
53%
Jakob Poeltl
53%
Franz Wagner
52%
K. Caldwell-Pope
52%
Malcolm Brogdon
52%
Tim Hardaway Jr.
52%
Wendell Carter Jr.
52%
Luguentz Dort
50%
Christian Wood
49%
Jalen Suggs
49%
OG Anunoby
46%
Evan Fournier
45%
Mohamed Bamba
45%
Spencer Dinwiddie
43%
Isaiah Stewart
42%
Richaun Holmes
39%
Daniel Gafford
38%
Saddiq Bey
38%
Kelly Oubre Jr
37%
Robert Covington
37%
Will Barton
36%
Devonte' Graham
35%
Josh Hart
35%
Royce O'Neale
35%
Killian Hayes
33%
Jaden McDaniels
32%
Eric Bledsoe
27%
Goran Dragic
27%
Derrick Favors
24%
De'Anthony Melton
23%
Darius Bazley
22%
Jae'Sean Tate
21%
Kent Bazemore
20%
Chris Duarte
18%
Daniel Theis
17%
Precious Achiuwa
16%
Doug McDermott
13%
Josh Okogie
12%
Maurice Harkless
8%
No matching quizzes found
Score Distribution
Percent of People with Each Score
Percentile by Number Answered
Your Score History
You have not taken this quiz since the last reset